000 00483nam a22001817a 4500
003 NUST - PNEC
005 20170116180919.0
008 150904b xxu||||| |||| 00| 0 eng d
020 _a0023076208
040 _cLIBRARY
082 _a620.0023 BEA
100 _97648
_a Beakley, George C
245 _aCareers in engineering and technology
_c George C Beakley
250 _a4th ed.
260 _cc 1987
650 _96071
_aEngineering--Vocational guidance
_xME
942 _2ddc
_cBK
999 _c65559
_d65559